Sponzoring a jeho význam vo vybranom športovom odvetví diplomová práca

Salvato in:
Dettagli Bibliografici
Autore principale: Riecka, Alexandra
Ente Autore: Obchodná fakulta EU. Katedra marketingu
Altri autori: Drábik, Peter, 1981-
Natura: Libro
Lingua:slovacco
Pubblicazione: Bratislava 2022
Tags: Aggiungi Tag
Nessun Tag, puoi essere il primo ad aggiungerne!!

MARC

LEADER 00000nbm a2200000 4500
001 0284316
005 20221130083519.6
041 0 |a slo 
044 |a SK 
245 1 0 |a Sponzoring a jeho význam vo vybranom športovom odvetví  |b diplomová práca  |c Alexandra Riecka ; školiteľ: Peter Drábik 
264 1 |a Bratislava  |c 2022 
300 |a 74 s. 
100 1 |a Riecka, Alexandra 
700 1 |a Drábik, Peter, 1981- 
710 2 |a Obchodná fakulta EU. Katedra marketingu